<?xml version="1.0" encoding="UTF-8"?>
<record
    xmlns:xsi="http://www.w3.org/2001/XMLSchema-instance"
    xsi:schemaLocation="http://www.loc.gov/MARC21/slim http://www.loc.gov/standards/marcxml/schema/MARC21slim.xsd"
    xmlns="http://www.loc.gov/MARC21/slim">

  <leader>00910nam a2200193   4500</leader>
  <controlfield tag="001">800</controlfield>
  <controlfield tag="005">20230410115450.0</controlfield>
  <controlfield tag="008">060907n1989    dr                  spa  </controlfield>
  <datafield tag="035" ind1=" " ind2=" ">
    <subfield code="9">funglode804</subfield>
  </datafield>
  <datafield tag="041" ind1=" " ind2=" ">
    <subfield code="a">EN</subfield>
  </datafield>
  <datafield tag="050" ind1="1" ind2="4">
    <subfield code="a">HD 77.5.L29 K23l 1989</subfield>
  </datafield>
  <datafield tag="100" ind1=" " ind2=" ">
    <subfield code="a">Kay, Cr&#xED;stobal</subfield>
  </datafield>
  <datafield tag="245" ind1="1" ind2=" ">
    <subfield code="a">Latin American theory of development and underdevelopment /</subfield>
    <subfield code="c">Cr&#xED;stobal Kay</subfield>
  </datafield>
  <datafield tag="260" ind1=" " ind2=" ">
    <subfield code="a">London :</subfield>
    <subfield code="b">Routledge,</subfield>
    <subfield code="c">1989      </subfield>
  </datafield>
  <datafield tag="300" ind1=" " ind2=" ">
    <subfield code="a">viii, 295 p. / 21 cm.</subfield>
  </datafield>
  <datafield tag="440" ind1=" " ind2=" ">
    <subfield code="a">Development and underdevelopment</subfield>
  </datafield>
  <datafield tag="520" ind1=" " ind2=" ">
    <subfield code="a">The challenge from the periphery, 1. -- The structuralist school of development, 25. -- Internal colonialism : Ethnic and class relations, 58. -- Marginality : Social relations and capital accumulation, 88. -- Reformist and marxist approaches to dependency, 125. -- Dependency : Debates, critiques, and beyond, 163. -- The latin american contribution in perspective, 197 </subfield>
  </datafield>
  <datafield tag="942" ind1=" " ind2=" ">
    <subfield code="2">lcc</subfield>
    <subfield code="c">bk</subfield>
  </datafield>
  <datafield tag="999" ind1=" " ind2=" ">
    <subfield code="c">41739</subfield>
    <subfield code="d">41739</subfield>
  </datafield>
  <datafield tag="952" ind1=" " ind2=" ">
    <subfield code="0">0</subfield>
    <subfield code="1">0</subfield>
    <subfield code="2">lcc</subfield>
    <subfield code="4">0</subfield>
    <subfield code="7">0</subfield>
    <subfield code="8">CS</subfield>
    <subfield code="a">BJB</subfield>
    <subfield code="b">BJB</subfield>
    <subfield code="c">CS</subfield>
    <subfield code="d">2018-10-24</subfield>
    <subfield code="h">1</subfield>
    <subfield code="l">0</subfield>
    <subfield code="o">HD 77.5.L29 K23l 1989</subfield>
    <subfield code="p">00020020367</subfield>
    <subfield code="r">2018-10-24 00:00:00</subfield>
    <subfield code="t">1</subfield>
    <subfield code="w">2018-10-24</subfield>
    <subfield code="y">bk</subfield>
  </datafield>
</record>
